书目信息 |
| 题名: |
欧洲张力薄膜结构设计指南
|
|
| 作者: | 福斯特 , 莫莱尔特 主编 ;杨庆山 , 姜忆南 译 | |
| 分册: | ||
| 出版信息: | 北京 机械工业出版社 2007.01 |
|
| 页数: | 292页 | |
| 开本: | 22cm | |
| 丛书名: | 现代建筑技术译丛 | |
| 单 册: | ||
| 中图分类: | TU38-62 | |
| 科图分类: | ||
| 主题词: | 薄膜结构--bao mo jie gou--结构设计--欧洲--指南 | |
| 电子资源: | ||
| ISBN: | 7-111-20143-4 | |
| 000 | 01518nam 2200325 450 | |
| 001 | 012007602200 | |
| 005 | 20071108143909.64 | |
| 010 | @a7-111-20143-4@dCNY68.00 | |
| 100 | @a20071108d2007 km y0chiy0120 ea | |
| 101 | 1 | @achi@ceng |
| 102 | @aCN@b110000 | |
| 105 | @aa a 000yy | |
| 106 | @ar | |
| 200 | 1 | @a欧洲张力薄膜结构设计指南@Aou zhou zhang li bao mo jie gou she ji zhi nan@d= European design guide for tensile surface structures@f(英) Brian Forster, (比) Marilke Mollaert主编@F(ying)Brian Forster,(bi)Marilke Mollaert zhu bian@g杨庆山, 姜忆南译@Gyang qing shan,jiang yi nan yi@zeng |
| 210 | @a北京@c机械工业出版社@d2007.01 | |
| 215 | @a292页@c图@d22cm | |
| 225 | 2 | @a现代建筑技术译丛@Axian dai jian zhu ji shu yi cong |
| 314 | @a责任者Forster,Mollaert规范汉译姓: 福斯特, 莫莱尔特 | |
| 320 | @a有书目。 | |
| 330 | @a本书是欧洲薄膜学会历时3年集体撰写而成的,包含了欧洲30多年来与薄膜结构相关的大量成果,分别从建筑形态、室内环境,节点构造,安全标准,设计荷载,形态分析,裁剪设计,建筑模材制作、安装与保养等方面进行介绍。 | |
| 410 | 0 | @12001 @a现代建筑技术译丛 |
| 500 | 10 | @aEuropean design guide for tensile surface structures@mChinese |
| 606 | 0 | @a薄膜结构@Abao mo jie gou@x结构设计@y欧洲@j指南 |
| 690 | @aTU38-62@v4 | |
| 701 | 1 | @a福斯特@Afu si te@g(Forster, Brian)@4主编 |
| 701 | 1 | @a莫莱尔特@Amo lai er te@g(Mollaert, Marilke)@4主编 |
| 702 | 0 | @a杨庆山@Ayang qing shan@4译 |
| 702 | 0 | @a姜忆南@Ajiang yi nan@4译 |
| 801 | 0 | @aCN@b@c20071108 |
| 905 | @b266571-73@dTU38-62@eF758@f3 | |
| 欧洲张力薄膜结构设计指南= European design guide for tensile surface structures/(英) Brian Forster, (比) Marilke Mollaert主编/杨庆山, 姜忆南译.-北京:机械工业出版社,2007.01 |
| 292页:图;22cm.-(现代建筑技术译丛) |
| ISBN 7-111-20143-4:CNY68.00 |
| 本书是欧洲薄膜学会历时3年集体撰写而成的,包含了欧洲30多年来与薄膜结构相关的大量成果,分别从建筑形态、室内环境,节点构造,安全标准,设计荷载,形态分析,裁剪设计,建筑模材制作、安装与保养等方面进行介绍。 |
| ● |
| 相关链接 |
|
|
|
正题名:欧洲张力薄膜结构设计指南
索取号:TU38-62/F758
 
预约/预借
| 序号 | 登录号 | 条形码 | 馆藏地/架位号 | 状态 | 备注 |
| 1 | 266571 | 202665712 | 建筑库101/101建筑库 89排2列2层/ [索取号:TU38-62/F758] | 在馆 | |
| 2 | 266572 | 202665721 | 建筑库101/101建筑库 89排2列2层/ [索取号:TU38-62/F758] | 在馆 | |
| 3 | 266573 | 202665730 | 建筑库101/101建筑库 89排2列2层/ [索取号:TU38-62/F758] | 在馆 |